000 00572nam a2200193Ia 4500
005 20260114185825.0
008 008 260114s9999 xx 000 0 eng d
020 _a9780755603473
037 _aEBOOK
040 _aCRL
_beng
_cCRL
041 _aeng
_2eng
084 _qCRL
100 _aKatarzyna Zimna
_9874842
245 0 _aTime to Play Action and Interaction in Contemporary Art
260 _bBloomsbury
_c2014
856 _uhttps://doi.org/10.5040/9780755603473?locatt=label:secondary_bloomsburyCollections
942 _cEBOOK
999 _c1473776
_d1473776